Ekstraklasa 2014/2015 - Statystyki

Ogólne statystyki
  • Ten quiz został rozwiązany 26 razy
  • Średni wynik to 14 z 16
Statystyki odpowiedzi
Miejsce w tabeli Punkty Drużyna % Poprawnych
7 26 Górnik Zabrze
100%
2 42 Legia Warszawa
100%
10 30 Ruch Chorzów
100%
9 36 Cracovia
96%
5 29 Lechia Gdańsk
96%
1 43 Lech Poznań
96%
4 35 Śląsk Wrocław
96%
6 28 Wisła Kraków
96%
3 41 Jagiellonia Białystok
92%
8 22 Pogoń Szczecin
88%
12 28 Piast Gliwice
83%
15 24 Zawisza Bydgoszcz
83%
14 27 Górnik Łęczna
79%
11 28 Korona Kielce
79%
13 27 Podbeskidzie Bielsko-Biała
79%
16 21 GKS Bełchatów
63%
Nie znaleziono quizów pasujących do podanych kryteriów
Rozkład punktacji
Procent ludzi z każdym wynikiem
Percentyl według liczby udzielonych odpowiedzi
Twoja historia wyników
Nie rozwiązałeś tego quizu